Southville International School and Colleges
Your cart is empty.
  • Cart
  • Lists
    Public lists Eva Luna New books Lux_list list_1
    Your lists Log in to create your own lists
  • Log in to your account
  • Your cookies
  • Search history
Southville International School and Colleges
  • Advanced search
  • Recent comments
  • Most popular
  • Libraries

Log in to your account

Log in with GOOGLE


If you do not have an external account, but do have a local account, you can still log in:

  1. Home
  2. MARC view: Death on the Tarmac :
Normal view MARC view ISBD view

Death on the Tarmac : (Record no. 17065)

[ view plain ]
MARC details
000 -LEADER
fixed length control field 01305cam a2200361 a 4500
001 - CONTROL NUMBER
control field 16348318
003 - CONTROL NUMBER IDENTIFIER
control field OSt
005 - DATE AND TIME OF LATEST TRANSACTION
control field 20140310182858.0
008 - FIXED-LENGTH DATA ELEMENTS--GENERAL INFORMATION
fixed length control field 100725s2009 ph a 000 0deng
010 ## - LIBRARY OF CONGRESS CONTROL NUMBER
LC control number 2010338691
020 ## - INTERNATIONAL STANDARD BOOK NUMBER
International Standard Book Number 9789719453505
040 ## - CATALOGING SOURCE
Original cataloging agency DLC
Transcribing agency DLC
Modifying agency DLC
042 ## - AUTHENTICATION CODE
Authentication code lcode
-- pcc
043 ## - GEOGRAPHIC AREA CODE
Geographic area code a-ph---
050 00 - LIBRARY OF CONGRESS CALL NUMBER
Classification number DS686
Item number .B154 2009
082 ## - DEWEY DECIMAL CLASSIFICATION NUMBER
Classification number F959.9040924
Item number .B154 2009
245 00 - TITLE STATEMENT
Title Death on the Tarmac :
Remainder of title forensic analysis of the assassination of Senator Benigno S. Aquino, Jr. /
Statement of responsibility, etc by Jerome B. Bailen ... [et al.].
246 30 - VARYING FORM OF TITLE
Title proper/short title Forensic analysis of the assassination of Senator Benigno S. Aquino, Jr.
250 ## - EDITION STATEMENT
Edition statement 1st ed.
260 ## - PUBLICATION, DISTRIBUTION, ETC. (IMPRINT)
Place of publication, distribution, etc Manila, Philippines :
Name of publisher, distributor, etc Manila Times Pub.,
Date of publication, distribution, etc c2009.
300 ## - PHYSICAL DESCRIPTION
Extent xv, 123 p. :
Other physical details ill. (some col.) ;
Dimensions 24 cm.
521 ## - TARGET AUDIENCE NOTE
Target audience note
526 ## - STUDY PROGRAM INFORMATION NOTE
Reading level 1210L to 1700L
541 ## - IMMEDIATE SOURCE OF ACQUISITION NOTE
-- 1
562 ## - COPY AND VERSION IDENTIFICATION NOTE
Number of copies for circulation. 1 copy available in the collection
600 10 - SUBJECT ADDED ENTRY--PERSONAL NAME
Personal name Aquino, Benigno S.
General subdivision Assassination.
650 #0 - SUBJECT ADDED ENTRY--TOPICAL TERM
Topical term or geographic name as entry element Forensic ballistics
Geographic subdivision Philippines
Form subdivision Case studies.
700 1# - ADDED ENTRY--PERSONAL NAME
Personal name Bailen, Jerome B.
856 41 - ELECTRONIC LOCATION AND ACCESS
Materials specified Table of contents only
Uniform Resource Identifier <a href="http://www.loc.gov/catdir/toc/fy12pdf01/2010338691.html">http://www.loc.gov/catdir/toc/fy12pdf01/2010338691.html</a>
906 ## - LOCAL DATA ELEMENT F, LDF (RLIN)
a 7
b cbc
c origode
d 3
e ncip
f 20
g y-gencatlg
942 ## - ADDED ENTRY ELEMENTS (KOHA)
Source of classification or shelving scheme Library of Congress Classification
Koha item type Books
Call number prefix Filipininana
Holdings
Withdrawn status Lost status Source of classification or shelving scheme Damaged status Home library Current library Shelving location Date acquired Total Checkouts Full call number Barcode Date last seen Copy number Price effective from Koha item type
    Library of Congress Classification   College Library College Library Filipiniana Section 06/13/2012   DS 686 .B154 2009 C14721 08/28/2018 1 06/13/2012 Books

Death on the Tarmac :

APA

Bailen J. B., . (2009). Death on the Tarmac. Manila, Philippines: Manila Times Pub.

Chicago

Bailen Jerome B, . 2009. Death on the Tarmac. Manila, Philippines: Manila Times Pub.

Harvard

Bailen J. B., . (2009). Death on the Tarmac. Manila, Philippines: Manila Times Pub.

MLA

Bailen Jerome B, . Death on the Tarmac. Manila, Philippines: Manila Times Pub. 2009.

  • Place hold
  • Print
  • Cite
  • Add to your cart (remove)
  • Save record
    BIBTEX Dublin Core MARCXML MARC (non-Unicode/MARC-8) MARC (Unicode/UTF-8) MARC (Unicode/UTF-8, Standard) MODS (XML) RIS
  • More searches
    Search for this title in:
    Other Libraries (WorldCat) Other Databases (Google Scholar) Online Stores (Bookfinder.com) Open Library (openlibrary.org)

Exporting to Dublin Core...

SOUTHVILLE LIBRARY

Southville International School and Colleges Library

1281 Tropical Ave. Cor. Luxembourg St., BF Homes International, Las Pinas City

Tel. No. 8256374 / 252358 Loc. 117/146

Powered by Koha